Employment and shared growth rethinking the role of labor mobility for development

Gespeichert in:
Bibliographische Detailangaben
Weitere Verfasser: Paci, Pierella, Serneels, Pieter
Format: Buch
Sprache:Englisch
Veröffentlicht: Washington, D.C. <The> World Bank 2007
Schriftenreihe:Directions in development
Schlagworte:
Tags: Tag hinzufügen
Keine Tags, Fügen Sie das erste Tag hinzu!

MARC

LEADER 00000nam$a2200000$$$4500
001 0062221
005 20230120111817.9
020 |a 0-8213-7107-X 
020 |a 978-0-8213-7107-7 
041 0 |a eng 
044 |a US 
245 1 0 |a Employment and shared growth  |b rethinking the role of labor mobility for development  |c edited by: Pierella Paci, Pieter Serneels 
264 1 |a Washington, D.C.  |b <The> World Bank  |c 2007 
300 |a 124 s. 
490 1 |a Directions in development 
830 0 |a Directions in development 
610 2 0 |a chudoba 
610 2 0 |a chudoba 
610 2 0 |a krajiny rozvojové 
610 2 0 |a zamestnanosť 
610 2 0 |a pohyb síl pracovných 
610 2 0 |a trh práce 
610 2 0 |a segmentácia trhu 
610 2 0 |a miesta pracovné 
610 2 0 |a firmy 
610 2 0 |a produktivita 
700 1 |a Paci, Pierella 
700 1 |a Serneels, Pieter